000 00315nam a2200109Ia 4500
008 190216s9999||||xx |||||||||||||| ||und||
100 _aGoodwin A
245 4 _aThe New Cambridge Modern History Vol Viii The American And French Revolations 1763-93
260 _bCambridge Uty Press
650 _aHistory
942 _cBK
999 _c20108
_d20108